01204nam a22002657a 4500003000500000005001700005008004100022020002600063040002300089082001800112100002800130245003900158260004700197300005600244504001700300520021900317521001000536651002600546654002800572655013800600690001500738700008600753942008000839999001900919322820250131133948.0250131b sa ||||| |||| 00| 0 eng d a0868840149qHardcover aRDAbENGLISHc3228 a333.09687 CAM aCampion, Harvey9191568 aThe new Transkeic Harvey Campion. aSandton [South Africa] :bValiant, c1976. aThe new Transkeibcolour illustrations, mapsc25 cm aNot included aSummary: General study of the Transkei African homeland (territory) in South Africa R - includes brief biographies of African politicians, and covers economic development, development potential, etc. Illustrations. aAdult aSouith Africa9191569 2South Africa—Transkei ageneral study. biography. illustration. étude générale. biographie. estudio general. biografía. ilustración.9191570 261135828 A aMr Bruce Stephenson of Sapa (South African Press Association)...[ et al].9191571 2ddccBOOKw12663xPriscilla Nozizwe Mogaley12663zPriscilla Nozizwe Mogale c771904d771903